000 002680000a22000970004500
100 1 _aBusenitz, Amber
245 1 0 _aA day in the life of... HSC
300 _aVol. 3, Num. 2 (Novienbre 2001-Enero 2002), Páginas 8-9
773 0 _tHope for Children in Crisis
942 _cANA
999 _c55233
_d55233